Siva temple and temle rituals / (Record no. 125240)

MARC details
000 -LEADER
fixed length control field 00602nam a22002177a 4500
005 - DATE AND TIME OF LATEST TRANSACTION
control field 20170124105951.0
010 ## - LIBRARY OF CONGRESS CONTROL NUMBER
LC control number A-371409
020 ## - INTERNATIONAL STANDARD BOOK NUMBER
Terms of availability 50.00
International Standard Book Number 8185170002
035 ## - SYSTEM CONTROL NUMBER
System control number A-371409
037 ## - SOURCE OF ACQUISITION
Source of stock number/acquisition Cen Lib/Ret
040 ## - CATALOGING SOURCE
Original cataloging agency DPL
Language of cataloging EN
082 ## - DEWEY DECIMAL CLASSIFICATION NUMBER
Classification number 230.6
Item number JAN
245 ## - TITLE STATEMENT
Title Siva temple and temle rituals /
Statement of responsibility, etc edited by S.S. Janaki
246 ## - VARYING FORM OF TITLE
Remainder of title
260 ## - PUBLICATION, DISTRIBUTION, ETC. (IMPRINT)
Name of publisher, distributor, etc The Kuppuswami Sastri Research Institute
Place of publication, distribution, etc Madras
Date of publication, distribution, etc 1988
300 ## - PHYSICAL DESCRIPTION
Extent xxvi,208p. :
Dimensions 21cm(Hb)
650 ## - SUBJECT ADDED ENTRY--TOPICAL TERM
Topical term or geographic name as entry element Hinduism
9 (RLIN) 88822
650 ## - SUBJECT ADDED ENTRY--TOPICAL TERM
Topical term or geographic name as entry element Siva
9 (RLIN) 10736
700 ## - ADDED ENTRY--PERSONAL NAME
Personal name Janaki, S.S.
9 (RLIN) 22651
942 ## - ADDED ENTRY ELEMENTS (KOHA)
Source of classification or shelving scheme Dewey Decimal Classification
Koha item type English Books
Classification part 230.6
Call number suffix JAN
Holdings
Withdrawn status Lost status Damaged status Not for loan Home library Current library Date acquired Source of acquisition Cost, normal purchase price Total Checkouts Full call number Barcode Date last seen Copy number Cost, replacement price Price effective from Koha item type
        Central Library Central Library 20/06/2015 Cen Lib/Ret 50.00   230.6 JAN A-371409 20/06/2015 1 0.00 20/06/2015 English Books

© Delhi Public Library
Hit Counter
free hit counter